| 000 | 01492nam a22004457a 4500 | ||
|---|---|---|---|
| 003 | CHAP | ||
| 005 | 20220329140910.0 | ||
| 008 | 971013s1991 r 00010 d | ||
| 010 | _a59500 | ||
| 011 | _a60472 | ||
| 035 | _a64634 | ||
| 040 | _cCHAP | ||
| 082 |
_a574.191 _bH47 |
||
| 100 | 0 | 0 |
_aHerrmann, R. G. _eed. _954996 |
| 245 | _aPlant molecular biology 2 | ||
| 260 |
_aNew York : _bPlenum Press, _c1991 |
||
| 300 | _a766 p. | ||
| 490 |
_aNATO ASI A : Life sciences _v; 212 |
||
| 590 |
_aBATCH-UPD _b10 _c20130110 _lUCH01 _h0430 |
||
| 590 |
_aBATCH-UPD _b10 _c20130110 _lUCH01 _h2154 |
||
| 590 |
_aBATCH-UPD _b10 _c20130410 _lUCH01 _h0106 |
||
| 590 |
_aBATCH-UPD _b10 _c20130410 _lUCH01 _h1534 |
||
| 590 |
_aBATCH-UPD _b10 _c20130913 _lUCH01 _h2200 |
||
| 590 |
_aCONVERSION _b10 _c20130109 _lUCH01 _h1332 |
||
| 650 | 1 | 4 |
_aAgrobacterium. _92146 |
| 650 | 1 | 4 |
_aBiofísica. _912735 |
| 650 | 1 | 4 |
_aBiotecnología vegetal. _912892 |
| 650 | 1 | 4 |
_aExpresión genética. _939133 |
| 650 | 1 | 4 |
_aFitopatología. _941161 |
| 650 | 1 | 4 |
_aNitrógeno _xFijación. _981472 |
| 650 | 1 | 4 |
_aNitrógeno _xMetabolismo. _981473 |
| 650 | 1 | 4 |
_aPlantas _xEnfermedades por virus. _988834 |
| 650 | 1 | 4 |
_aTensión _xEfecto en plantas. _9112283 |
| 650 | 1 | 4 |
_aTransporte de nutrientes. _9114640 |
| 700 | 0 |
_aLarkins, B. A. _eed. _964938 |
|
| 830 | 0 |
_aNATO ASI A : Life sciences _v; 212 _980394 |
|
| 901 | _aBK | ||
| 942 | _cLIBRO | ||
| 949 |
_a574.191 H47 _bBC _cLIBRO _d33724000082848 _eLIBRO _gI. 180778 _h90104 _i64634 _si _t1432.00 |
||
| 999 |
_c59500 _d59500 |
||